UM Logo

Web- based health monitoring system for the Municipality of Sta.Cruz health centers using quicksort algorithm / (Record no. 11643)

MARC details
000 -LEADER
fixed length control field 00721nam a22001697a 4500
008 - FIXED-LENGTH DATA ELEMENTS--GENERAL INFORMATION
fixed length control field 181214b ||||| |||| 00| 0 eng d
082 ## - DEWEY DECIMAL CLASSIFICATION NUMBER
Edition number 2018
Classification number UT 1102
Item number C17
100 ## - MAIN ENTRY--PERSONAL NAME
Personal name Capoy, Hannah Faye A.
9 (RLIN) 33050
245 ## - TITLE STATEMENT
Title Web- based health monitoring system for the Municipality of Sta.Cruz health centers using quicksort algorithm /
Statement of responsibility, etc. Hannah faye A. Capoy, Daisy Mae M. Presbitero, and Ilyn Chris N. Ruto
260 ## - PUBLICATION, DISTRIBUTION, ETC. (IMPRINT)
Place of publication, distribution, etc. Digos City:
Name of publisher, distributor, etc. UMDC
Date of publication, distribution, etc. April 2018.
300 ## - PHYSICAL DESCRIPTION
Extent 125 pages ;
Dimensions 30 cm.
650 ## - SUBJECT ADDED ENTRY--TOPICAL TERM
Topical term or geographic name as entry element Technical Program
Form subdivision Information Technology
General subdivision Undergraduate thesis.
9 (RLIN) 33301
700 ## - ADDED ENTRY--PERSONAL NAME
Personal name Capoy, Hannah Faye A.
9 (RLIN) 33050
700 ## - ADDED ENTRY--PERSONAL NAME
Personal name Presbitero, Daisy Mae M.
9 (RLIN) 32751
700 ## - ADDED ENTRY--PERSONAL NAME
Personal name Dela Cruz, Ilyn Chris
9 (RLIN) 33302
942 ## - ADDED ENTRY ELEMENTS (KOHA)
Source of classification or shelving scheme Dewey Decimal Classification
Koha item type Undergraduate Thesis
Holdings
Withdrawn status Lost status Source of classification or shelving scheme Damaged status Not for loan Home library Current library Date acquired Total Checkouts Full call number Barcode Date last seen Price effective from Koha item type
    Dewey Decimal Classification     UM Digos College - LIC UM Digos College - LIC 12/06/2018   UT 1102 C17 2018 1102 05/15/2025 12/14/2018 Undergraduate Thesis